| 000 | 00643nam a2200229 u 4500 | ||
|---|---|---|---|
| 005 | 20230526063528.0 | ||
| 008 | 180309s2016 es r 000 0 spa d | ||
| 020 | _a9788494543753 | ||
| 035 | _aUPN01000223520 | ||
| 049 | _aCG | ||
| 050 | 4 |
_aPR4611 A3 _bA4.8l |
|
| 100 | 1 |
_aCarroll, Lewis, _d1832-1898 |
|
| 245 | 1 | 0 |
_aAlice in wonderland / _cLewis Carroll. |
| 260 |
_aBarcelona, Esp. : _bPlutón, _c2016. |
||
| 300 |
_a152 p. : _bil. |
||
| 440 | 0 | _aEnglish classic books | |
| 650 | 0 |
_aLiteratura infantil inglesa _911046 |
|
| 650 | 0 |
_aLiteratura fantástica _98755 |
|
| 650 | 0 |
_aPesadillas _911312 |
|
| 905 | _aLibro | ||
| 999 |
_c195617 _d195617 |
||